[Event "PAR-ch U16"]
[Site "Asuncion"]
[Date "2019.02.05"]
[Round "3"]
[White "Ayala Ruiz, Miguel Angel"]
[Black "Amarilla Sandoval, Alejandro"]
[Result "1/2-1/2"]
[WhiteElo "1364"]
[BlackElo "1382"]
[PlyCount "84"]
[EventDate "2019.02.04"]
[EventType "swiss"]
[EventRounds "9"]
[EventCountry "PAR"]
[SourceTitle "CBM 189 Extra"]
[Source "ChessBase"]
[SourceDate "2019.06.03"]
[SourceVersion "1"]
[SourceVersionDate "2019.06.03"]
[SourceQuality "1"]

1. e4 d5 2. exd5 Qxd5 3. Nc3 Qa5 4. d4 c6 5. Nf3 Bf5 6. Bc4 e6 7. Ne5 h6 8. Qh5 g6 9. Qe2 Nf6 10. g4 Be4 11. f3 Bd5 12. Bxd5 Nxd5 13. Nc4 Nxc3 14. Nxa5 Nxe2 15. Kxe2 b6 16. Nc4 Nd7 17. Bf4 Bg7 18. Ne5 Nxe5 19. Bxe5 f6 20. Bg3 Kf7 21. Rad1 Rhe8 22. Kd2 Rad8 23. Kc1 Rd7 24. Rhe1 Red8 25. c3 a5 26. a3 b5 27. Kc2 b4 28. a4 f5 29. Be5 Bxe5 30. Rxe5 Rd5 31. Ree1 Kf6 32. Re5 Kg5 33. Rxe6 c5 34. h4+ Kf4 35. Rxg6 bxc3 36. bxc3 cxd4 37. gxf5 d3+ 38. Kd2 Rb8 39. Rg4+ Kxf5 40. Rd4 Rb2+ 41. Kxd3 Rc5 42. Rc4 Rd5+ 1/2-1/2

[Event "Asuncion Viejos Tiempos Cup"]
[Site "Asuncion"]
[Date "2019.01.24"]
[Round "7"]
[White "Oviedo Acosta, Paula"]
[Black "Ayala Ruiz, Miguel Angel"]
[Result "1/2-1/2"]
[WhiteElo "1484"]
[BlackElo "1408"]
[PlyCount "61"]
[EventDate "2019.01.15"]
[EventType "swiss"]
[EventRounds "7"]
[EventCountry "PAR"]
[SourceTitle "CBM 188 Extra"]
[Source "ChessBase"]
[SourceDate "2019.02.26"]
[SourceVersion "1"]
[SourceVersionDate "2019.02.26"]
[SourceQuality "1"]

1. e4 c5 2. Nf3 e6 3. d4 cxd4 4. Nxd4 a6 5. Nc3 Qc7 6. a3 Nf6 7. Bd3 Nc6 8. Be3 Nxd4 9. Bxd4 Bc5 10. Bxc5 Qxc5 11. Qe2 d6 12. 0-0 0-0 13. Kh1 h6 14. f4 e5 15. f5 b5 16. Nd1 Bb7 17. Nf2 Rfe8 18. Ng4 Kh7 19. Nxf6+ gxf6 20. Rf3 d5 21. Rh3 Rg8 22. Qh5 Qf8 23. Qh4 Rg5 24. exd5 Bxd5 25. Be4 Rd8 26. Bxd5 Rxd5 27. Rg3 Rd4 28. Qh3 Qd6 29. Rd3 Rxd3 30. cxd3 Qd4 31. Qf3 1/2-1/2